Normal view
MARC view
Entry Personal Name
001 - CONTROL NUMBER
- control field: 32013
003 - CONTROL NUMBER IDENTIFIER
- control field: dpl
005 - DATE AND TIME OF LATEST TRANSACTION
- control field: 20110809113843.0
008 - FIXED-LENGTH DATA ELEMENTS
- fixed length control field: 110809|||a|||||| | ||| d
040 ## - CATALOGING SOURCE
- Original cataloging agency: dpl
- Transcribing agency: dpl
100 ## - HEADING--PERSONAL NAME
- Personal name: Sundararajan, Saroja
670 ## - SOURCE DATA FOUND
- Source citation: Work cat.: (dpl): Sundararajan, Saroja, Kashmir crisis:, 2010.
670 ## - SOURCE DATA FOUND
- Source citation: Work cat.: (dpl): Sundararajan, Saroja, Kashmir crisis:, 2010.
